• 首页
  • 本馆介绍
  • 公告通知
  • 最新文献
  • 馆藏检索
  • 电子资源
  • 读者导购
  • 参考咨询
  • 我的图书馆
  • 登录
  • 详细信息显示
  • 放入我的书架
  • 预约/预借图书
  • 作者相关作品
  • 分类相关作品
  • 丛书相关作品
  • 出版社相关作品

书目信息

  • 表格格式
  • 工作单格式
  • 卡片格式
题名:
沙发
    
 
作者: 饶刚民 编著
分册:   沙发
出版信息: 广州   广东经济出版社  2005.01
页数: 79页
开本: 29cm
丛书名:
单 册:
中图分类: TS665.4 , TS665.4-64
科图分类:
主题词: 家具--图集 , 沙发--设计--图集 , 沙发 , 家具
电子资源:
ISBN: 7-80677-919-1
000 00936nam0 2200301 450
001 002908508
005 20110415203403.40
010    @a7-80677-919-1@dCNY29.80
100    @a20100913d2005 em y0chiy0110 ea
101 0  @achi
102    @aCN@b440000
105    @aa z 000yy
200 1  @a沙发@Asha fa@i沙发@f饶刚民编著
210    @a广州@c广东经济出版社@d2005.01
215    @a79页@c彩照@d29cm
300    @a皇朝家私精品专辑
330    @a本书对一千多款家具精品作出展示,并按家具的不同种类,分为《桌椅》、《沙发》、《床》、《柜》四册,每一册展示的精品都包含了现代、经典、欧式等多种风格。本册为其中《沙发》集。
510 1  @aThe Most Fashionable Furniture@zeng
606 0  @a家具@j图集
606 0  @a沙发@x设计@j图集
606 0  @a沙发
606 0  @a家具
690    @aTS665.4@v5
690    @aTS665.4-64@v5
701  0 @a饶刚民@Arao gang min@4编著
801 0  @c20110415
905    @aBZT@dTS665.4@e1
906    @dCNY29.80@n0@r1
    
    沙发.沙发/饶刚民编著.-广州:广东经济出版社,2005.01
    79页:彩照;29cm
    皇朝家私精品专辑
    
    ISBN 7-80677-919-1:CNY29.80
    本书对一千多款家具精品作出展示,并按家具的不同种类,分为《桌椅》、《沙发》、《床》、《柜》四册,每一册展示的精品都包含了现代、经典、欧式等多种风格。本册为其中《沙发》集。
●
相关链接 在五车中查询图书 在当当中查询图书 在豆瓣中查询图书


正题名:沙发     索取号:TS665.4/1         预约/预借

序号 登录号 条形码 馆藏地/架位号 状态 备注
1 772268   2000772268   中心书库中库/ 中库025架A面7列5层37/ [索取号:TS665.4/1] 在馆    
2 772269   2000772269   中心书库中库/ 中库025架A面7列5层47/ [索取号:TS665.4/1] 在馆    
3 772270   2000772270   中心书库中库/ 中库025架A面7列5层48/ [索取号:TS665.4/1] 在馆    
4 772271   2000772271   中心书库中库/ 中库025架A面7列5层35/ [索取号:TS665.4/1] 在馆    
5 772272   2000772272   中心书库中库/ 中库025架A面7列5层36/ [索取号:TS665.4/1] 在馆    
6 772273   2000772273   中心书库中库/ 中库025架A面7列5层38/ [索取号:TS665.4/1] 在馆    
7 772274   2000772274   中心书库中库/ 中库025架A面7列5层46/ [索取号:TS665.4/1] 在馆    
8 772275   2000772275   中心书库中库/ 中库025架A面7列5层39/ [索取号:TS665.4/1] 在馆    
9 772276   2000772276   中心书库中库/ 中库025架A面7列5层40/ [索取号:TS665.4/1] 在馆    
10 772277   2000772277   中心书库中库/ 中库025架A面7列5层27/ [索取号:TS665.4/1] 在馆    
山东省滨州职业学院图书馆 欢迎您!
大连网信软件有限公司© 版权所有